00265nam a22000977a 450000500170000000800410001702000090005804000080006724500530007526000390012820200825162429.0200825b ||||| |||| 00| 0 eng d a7232 cCML aEvaluation in Modern Education.cWrightstone, J. aU.S.AbAmerican Book Companyc1956